|
|
|
|
| LEADER |
00000cam a2200000 7i4500 |
| 001 |
0000001191 |
| 005 |
20140123.0 |
| 090 |
0 |
0 |
|a 634.909595
|b MAL 1992
|
| 110 |
1 |
0 |
|a MALAYSIAN Forestry Conference
|i 11th
|j Kota Kinabalu, Sabah
|k 1992
|
| 245 |
1 |
0 |
|a Proceedings of the 11th Malaysian Forestry Conference, 27 July - 2 August 1992, Kota Kinabalu, Sabah :
|b Sustainable forestry development towards 2020 .
|l Pembangunan perhutanan berkekalan ke arah 2020
|
| 260 |
0 |
0 |
|a Sandakan, Sabah :
|b Forestry Department ,
|c 1992
|
| 300 |
|
|
|a vi, 455 p. :
|b ill., maps ;
|c 27 cm.
|
| 650 |
0 |
0 |
|a Forests and forestry
|x Congresses
|
| 650 |
0 |
0 |
|a Sustainable forestry
|x Congresses
|
| 998 |
|
|
|a JPSM
|
| 999 |
|
|
|a 0000002374
|b Monograph
|c Open Shelf
|e Default branch
|
| 999 |
|
|
|a 0000002565
|b Monograph
|c Open Shelf
|e Default branch
|